Kádrová a personálna práca priemyselného podniku v podmienkach prestavby hospodárskeho mechanizmu záverečná práca postgraduálneho štúdia

Saved in:
Bibliographic Details
Main Author: Jakubík, Pavol
Corporate Author: Vysoká škola ekonomická v Bratislave
Other Authors: Vépyová, Mária
Format: Book
Language:Slovak
Published: Bratislava 1988
Tags: Add Tag
No Tags, Be the first to tag this record!

MARC

LEADER 00000nam a2200000 4500
001 c035401
005 20230116095056.6
041 0 |a slo 
044 |a SK 
245 1 0 |a Kádrová a personálna práca priemyselného podniku v podmienkach prestavby hospodárskeho mechanizmu  |b záverečná práca postgraduálneho štúdia  |c Pavol Jakubík ; Ved. práce Mária Vépyová 
264 1 |a Bratislava  |c 1988 
300 |a 59 s. 
100 1 |a Jakubík, Pavol 
700 1 |a Vépyová, Mária 
710 2 |a Vysoká škola ekonomická v Bratislave